[Event "1st ch-Europe"]
[Site "Saint Vincent ITA"]
[Date "2000.07.06"]
[Round "4"]
[White "Simonenko,S"]
[Black "Kharlov,A"]
[Result "0-1"]
[WhiteElo "2440"]
[BlackElo "2616"]

1.Nf3 d5 2.g3 Nf6 3.Bg2 g6 4.O-O Bg7 5.d3 O-O 6.Nbd2 Nc6 7.c3 a5 8.a4 e5
9.e4 dxe4 10.dxe4 b6 11.Qe2 Ba6 12.Nc4 Qe7 13.b3 Rfd8 14.Bh3 Nd7 15.Ba3 Qe8
16.Rfd1 Nf6 17.Nfd2 h5 18.Nf1 Bf8 19.Rxd8 Nxd8 20.Bxf8 Qxf8 21.Qf3 Nh7 22.Qe3 Bxc4
23.bxc4 Nb7 24.Rd1 Nc5 25.f4 Qe7 26.Rd5 exf4 27.Qxf4 Re8 28.e5 Ng5 29.Bg2 Nxa4
30.h4 Ne6 31.Qe3 Ng7 32.Bh3 Nc5 33.Nd2 c6 34.Rd4 Qxe5 35.Qxe5 Rxe5 36.Bg2 Nf5
37.Rd8+ Kg7 38.Bxc6 Nxg3 39.Nf3 Re7 40.Rb8 Ra7 41.Kf2 Nf5 42.Rxb6 a4 43.Rb1 a3
44.Nd2 a2 45.Ra1 Nxh4 46.Ke3 Nf5+ 47.Kf4 Ra3 48.Bd5 Kf6 49.Ne4+ Nxe4 50.Kxe4 Rxc3  0-1

[Event "FSIMA July"]
[Site "Budapest HUN"]
[Date "2000.07.07"]
[Round "7"]
[White "Lindgren,F"]
[Black "Keatinge Clay,A"]
[Result "0-1"]
[WhiteElo "2177"]
[BlackElo "2287"]

1.Nf3 d5 2.g3 Nf6 3.Bg2 g6 4.d4 Bg7 5.O-O O-O 6.Nbd2 Bf5 7.c4 c6 8.b3 Ne4
9.Bb2 Qa5 10.a3 Nd7 11.b4 Qa6 12.Rc1 Bh6 13.h3 dxc4 14.g4 Nxd2 15.Nxd2 Be6
16.e4 Nb6 17.f4 f6 18.Rf2 Na4 19.Ba1 Rad8 20.Qc2 b5 21.Re1 Qb6 22.d5 Bxf4
23.Nxc4 bxc4 24.Qxc4 Bg3 25.Bd4 Qb5 26.Qb3 Bxf2+ 27.Bxf2 cxd5 28.Bf1 Qd7  0-1

[Event "GM"]
[Site "Dortmund GER"]
[Date "2000.07.08"]
[Round "2"]
[White "Mainka,G"]
[Black "Varga,Zo"]
[Result "1/2-1/2"]
[WhiteElo "2357"]
[BlackElo "2530"]

1.Nf3 d5 2.g3 c6 3.Bg2 Nd7 4.d4 f5 5.c4 e6 6.Qc2 Qf6 7.Bf4 Nh6 8.Ne5 Nf7
9.Nxf7 Qxf7 10.Nd2 h6 11.Nf3 Bb4+ 12.Kf1 g5 13.Ne5 Qg7 14.Nxd7 gxf4 15.Ne5 fxg3
16.hxg3 Bd6 17.Qc3 Bd7 18.Bf3 Bxe5 19.dxe5 dxc4 20.Rh4 O-O-O 21.Rxc4 Kb8
22.Rd1 Rc8 23.Qd4 Rc7 24.Kg2 Bc8 25.Qe3 Qg5 26.Qa3 Rg8 27.e3 Qg7 28.Qc3 Qe7
29.Rcd4 c5 30.Rd6 h5 31.Bxh5 Rh8 32.Bf3 Qh7 33.Kf1 a6 34.Qc4 Qg7 35.Qf4 c4
36.Rd8 Rxd8 37.Rxd8 Rc5 38.Rd4 Qxe5 39.Qxe5+ Rxe5 40.Kg2 Rb5 41.Rd2 Rc5 42.g4 fxg4
43.Bxg4 Kc7 44.Kf3 c3 45.bxc3 Rxc3 46.Ke2 a5 47.Kd1 Bd7 48.Rb2 Ba4+ 49.Kd2 Rc6
50.f4 b5 51.a3 Rd6+ 52.Kc3 Kb6 53.Be2 Kc5 54.Bd3 Rd8 55.Rh2 b4+ 56.axb4+ axb4+
57.Kd2 Bc6 58.Rh5+ Kb6 59.Re5 Rd6 60.e4 Bd7 61.f5 exf5 62.exf5  1/2-1/2

[Event "Golden Cleopatra Open"]
[Site "Cairo EGY"]
[Date "2000.07.12"]
[Round "2"]
[White "Ezat,M"]
[Black "Ghonimy,S"]
[Result "1/2-1/2"]
[WhiteElo "2352"]
[BlackElo "2262"]

1.Nf3 d5 2.g3 c5 3.Bg2 Nc6 4.O-O f5 5.d4 Nf6 6.dxc5 e5 7.b4 e4 8.Nd4 Nxb4
9.Bf4 Bxc5 10.Nb5 Na6 11.Nd2 O-O 12.Nb3 Bb6 13.Bh3 Nc7 14.Nd6 Ne6 15.Bxf5 Nxf4
16.Nxc8 Rxc8 17.gxf4 e3 18.fxe3 Bxe3+ 19.Kh1 d4 20.Bxc8 Qd5+ 21.Rf3 Rxc8
22.Qf1 Rxc2 23.Qg2 Qc4 24.Rg3 Nh5 25.Rg5 Qf7 26.Qe4 Rxe2 27.Nxd4 Rxh2+ 28.Kxh2 Bxf4+
29.Kg1 Bxg5 30.Nf5 Nf6 31.Qe5 Ng4 32.Qe4 g6 33.Qxg4 Qxf5 34.Qxf5 gxf5 35.Rd1 Be3+
36.Kg2 a5 37.Kf3 f4 38.Rd8+ Kf7 39.Rd7+ Ke6 40.Rxb7 h6 41.Rb5 Bd2 42.Ke4 Bb4
43.Rb6+ Kd7 44.Rxh6 Kc7 45.Rf6 Bd2 46.Kd3 Be3 47.Kc4 Bd2 48.Rg6 Be3 49.Rf6 Bd2
50.Rg6 Be1 51.Rg1 Bd2 52.Rd1 Be3 53.Kb5 f3 54.Kxa5 f2 55.Kb5 Bd2 56.Rf1 Be3
57.a4 Kd6 58.Kc4 Kc6 59.Rh1 Kb6 60.Kd3 Bc5 61.Ke2 Kc6 62.Rh5 Ba7 63.Rf5 Bc5
64.Kd3 Ba7 65.Kc4 Be3 66.Kb3 Bc5 67.Kc3 Be3 68.Kc4 Kb6 69.Rf3 Ka5 70.Kb3 Bc5
71.Rf5 Ka6 72.Kc4 Kb6 73.Kd3  1/2-1/2

[Event "ch-SUI"]
[Site "Pontresina SUI"]
[Date "2000.07.13"]
[Round "1"]
[White "Cvitan,O"]
[Black "Kaenel,H"]
[Result "1/2-1/2"]
[WhiteElo "2541"]
[BlackElo "2452"]

1.Nf3 d5 2.g3 Nf6 3.Bg2 c5 4.O-O e6 5.c4 Be7 6.cxd5 Nxd5 7.d4 cxd4 8.Nxd4 O-O
9.b3 Bf6 10.Bb2 Ne7 11.Na3 a6 12.Nc4 Ra7 13.Nf3 Bxb2 14.Nxb2 b5 15.Qxd8 Rxd8
16.Rfc1 Nbc6 17.Nd3 f6 18.Nfe1 Nd4 19.Kf1 e5 20.e3 Ne6 21.b4 Kf7 22.Rc3 Bb7
23.a4 Bxg2+ 24.Kxg2 a5 25.axb5 axb4 26.Rxa7 bxc3 27.Nb4 Nc5 28.Nec2 Rd7 29.Rxd7 Nxd7
30.Na2 Ke6 31.Nxc3 Kd6 32.f4 Kc5 33.fxe5 fxe5 34.Na3 Kb4 35.Nab1 Nf5 36.Kf3 Nd6
37.Ne4 Nxb5 38.Nbd2 h6 39.h4 g6 40.Kg4 Nc3 41.h5 gxh5+ 42.Kxh5 Nd1 43.Nf1 Kc4
44.Kxh6  1/2-1/2

[Event "1st ch-Europe"]
[Site "Saint Vincent ITA"]
[Date "2000.07.13"]
[Round "10"]
[White "Anastasian,A"]
[Black "Mikhalevski,A"]
[Result "1-0"]
[WhiteElo "2606"]
[BlackElo "2479"]

1.Nf3 d5 2.g3 c6 3.Bg2 Bg4 4.c4 e6 5.cxd5 exd5 6.d3 Nf6 7.O-O Nbd7 8.h3 Bh5
9.Nc3 Be7 10.Qc2 O-O 11.e3 Nc5 12.Ne2 Nfd7 13.Nf4 Bxf3 14.Bxf3 Bd6 15.Bg2 Bxf4
16.exf4 Qf6 17.Be3 Ne6 18.Rfe1 a5 19.Rac1 a4 20.Bd2 Ra6 21.Bc3 d4 22.Bb4 Rfa8
23.h4 Rb6 24.Bd6 Ra5 25.Re2 Qd8 26.Rce1 Ndf8 27.Ba3 h6 28.Qc4 Rbb5 29.Bb4 Ra8
30.a3 Qf6 31.Bh3 Nxf4 32.gxf4 Qxh4 33.Bg2 Qxf4 34.Re4 Qg5 35.Re8 Rxe8 36.Rxe8 Kh7
37.Qxf7 Rf5 38.Qxf5+  1-0

[Event "1st ch-Europe"]
[Site "Saint Vincent ITA"]
[Date "2000.07.13"]
[Round "10"]
[White "Markowski,T"]
[Black "Aleksandrov,A"]
[Result "0-1"]
[WhiteElo "2531"]
[BlackElo "2606"]

1.g3 d5 2.Nf3 Bg4 3.Bg2 Nd7 4.c4 e6 5.cxd5 exd5 6.O-O c6 7.d3 Bd6 8.Nc3 Ne7
9.h3 Bh5 10.e4 Ne5 11.exd5 O-O 12.g4 Bg6 13.Nxe5 Bxe5 14.d4 Bc7 15.dxc6 Qd6
16.f4 bxc6 17.Be3 Rfe8 18.Qf3 Rab8 19.Rf2 f5 20.d5 c5 21.Rd1 Bf7 22.Bf1 a6
23.Bc4 Ng6 24.g5 h6 25.gxh6 gxh6 26.Bc1 Kh7 27.Kh1 Nh4 28.Qd3 Bh5 29.Rg1 Rg8
30.Rg3 Rg6 31.Rxg6 Qxg6 32.d6 Bxd6 33.Kh2 Bf3 34.Nd5 Rb7 35.Nf6+ Qxf6 36.Rxf3 Nxf3+
37.Qxf3 Rg7 38.Bd3 Qd4 39.Bxf5+ Kh8 40.Bg4 h5 41.Qe2  0-1

[Event "Chesswise International"]
[Site "Stratton Mountain USA"]
[Date "2000.07.13"]
[Round "6"]
[White "Paragua,M"]
[Black "Donaldson,J"]
[Result "1/2-1/2"]
[WhiteElo "2423"]
[BlackElo "2396"]

1.Nf3 d5 2.g3 Nf6 3.Bg2 Bf5 4.O-O e6 5.d3 Be7 6.Nbd2 h6 7.Qe1 O-O 8.e4 Bh7
9.Qe2 c5 10.b3 Nc6 11.Bb2 a5 12.a4 c4 13.bxc4 dxe4 14.dxe4 Qc7 15.Ne1 Rfd8
16.Nd3 Nd4 17.Bxd4 Rxd4 18.Rab1 Rb8 19.Rb5 Bb4 20.Nxb4 axb4 21.e5 Ne8 22.Qe3 Qd7
23.Nb3 Rxc4 24.Qa7 Qc7 25.Na5 Rxc2 26.Nc6 Rxc6 27.Bxc6 Bd3 28.Rxb7 Rxb7 29.Qxb7 Qxb7
30.Bxb7 b3 31.f3 f5 32.exf6 Nd6 33.Rd1 b2 34.a5 b1=Q 35.Rxb1 Bxb1 36.a6 Nb5
37.fxg7 Kxg7 38.Kf2 Kf6 39.Ke3 Ke5 40.g4 Kd6 41.h4 e5 42.f4 exf4+ 43.Kxf4 Ke6
44.g5 hxg5+ 45.Kxg5 Kf7 46.h5 Kg7 47.h6+ Kh8 48.Kf4 Na7 49.Ke3 Bf5 50.Kd4 Bd7
51.Kc5 Bb5 52.Kb6  1/2-1/2

[Event "t-EuCh U18 Girls"]
[Site "Balatonlelle HUN"]
[Date "2000.07.14"]
[Round "6"]
[White "Barbascu,M"]
[Black "Solic,K"]
[Result "1-0"]
[WhiteElo "2123"]
[BlackElo "2177"]

1.Nf3 d5 2.g3 Nf6 3.Bg2 Bf5 4.c4 c6 5.cxd5 cxd5 6.Qb3 Qc7 7.Nc3 e6 8.d3 Nc6
9.O-O Be7 10.Nh4 Bg6 11.e4 dxe4 12.dxe4 O-O 13.Nxg6 hxg6 14.Nb5 Qc8 15.Rd1 Rd8
16.Be3 Rxd1+ 17.Qxd1 a6 18.Nd4 e5 19.Nb3 Qc7 20.f3 Rd8 21.Qc2 Qd7 22.Bf1 Nb4
23.Qd2 Qe6 24.Qf2 Nxa2 25.Na5 Nb4 26.Nxb7 Ra8 27.Nc5 Qc6 28.Rc1 a5 29.b3 Bxc5
30.Rxc5 Qe8 31.Qd2 Rd8 32.Qc3 Rd1 33.Rc8 Rd8 34.Rxd8 Qxd8 35.Qd2 Qc7 36.Bc4 Nd7
37.Kf2 Kf8 38.Kg2 Qc6 39.Qf2 f5 40.exf5 gxf5 41.Ba7 Nd5 42.Qd2 Nb4 43.Qg5 Nf6
44.Qxf5 Qc7 45.Bf2 Na2 46.Qe6 e4 47.Bc5+  1-0

[Event "1st ch-Europe"]
[Site "Saint Vincent ITA"]
[Date "2000.07.14"]
[Round "11"]
[White "Gdanski,J"]
[Black "Franco Ocampos,Z"]
[Result "1/2-1/2"]
[WhiteElo "2535"]
[BlackElo "2511"]

1.Nf3 d5 2.g3 c5 3.Bg2 Nc6 4.d4 Nf6 5.O-O Bg4 6.Ne5 cxd4 7.Nxg4 Nxg4 8.e3 Nf6
9.exd4 e6 10.c3 Be7 11.Bf4 O-O 12.Nd2 b5 13.b4 a5 14.a3 Ra7 15.Qe2 Qb6 16.Nb3 Rfa8
17.Rfc1 axb4 18.axb4 Rxa1 19.Rxa1 Rxa1+ 20.Nxa1 Qa6 21.Nb3 h6 22.Bf1 Qa3
23.Qc2 Qa4 24.Bd3 Ne4 25.Kg2 Nd6 26.Nc5 Qxc2 27.Bxc2 Nc4 28.Bd3 Kf8 29.Na6 g5
30.Bc1 Bd6 31.h4 f6 32.Kf3 Kf7 33.Ke2 e5 34.dxe5 Bxe5 35.Bd2 d4 36.Bxc4+ bxc4
37.b5 d3+ 38.Ke3 Na5 39.b6 Ke6 40.hxg5 hxg5 41.f4 gxf4+ 42.gxf4 Bd6 43.Kd4 Nb3+
44.Kxc4 Nxd2+ 45.Kxd3 Nb3 46.b7  1/2-1/2

[Event "WIPRO GM"]
[Site "Hyderabad IND"]
[Date "2000.07.18"]
[Round "3"]
[White "Kunte,A"]
[Black "Vladimirov,E"]
[Result "0-1"]
[WhiteElo "2556"]
[BlackElo "2598"]

1.Nf3 d5 2.g3 Bg4 3.Bg2 Nd7 4.O-O e5 5.d3 c6 6.Nbd2 Ngf6 7.h3 Bh5 8.Qe1 Bd6
9.Nh4 O-O 10.Nf5 Bc7 11.b3 Re8 12.Ba3 e4 13.dxe4 Be5 14.Rd1 Bc3 15.g4 Bg6
16.exd5 cxd5 17.e3 Bxf5 18.gxf5 Qa5 19.Bc1 Qxa2 20.Qe2 Qxc2 21.Qb5 a6 22.Qxb7 Nc5
23.Qb6 Nd3 24.Nf3 Nxf2 25.Nd4 Bxd4 26.Rxd4 Nd3 27.Ba3 Rxe3 28.Bd6 Rae8 29.Qxa6 Ne1
30.Rf2 Qc3 31.Qa4 Nf3+ 32.Bxf3 Rxf3 33.Rdd2 Rxh3 34.Bf4 Qc1+ 35.Rf1 Rh1+
36.Kxh1 Qxf1+ 37.Kh2 h5  0-1

[Event "Open"]
[Site "Dieren NED"]
[Date "2000.07.19"]
[Round "2"]
[White "Hartoch,R"]
[Black "Gelashvili,T"]
[Result "1/2-1/2"]
[WhiteElo "2332"]
[BlackElo "2519"]

1.Nf3 d5 2.g3 c6 3.Bg2 Bg4 4.O-O Nd7 5.d3 e6 6.Nbd2 Bd6 7.e4 Ne7 8.h3 Bh5
9.Qe1 O-O 10.Nh2 e5 11.f4 exf4 12.gxf4 dxe4 13.dxe4 Ng6 14.Nc4 Bc5+ 15.Be3 Nh4
16.Bxc5 Nxc5 17.Qe3 Qe7 18.Rae1 Nxg2 19.Kxg2 b5 20.Ne5 Rfe8 21.Nxc6 Qd6 22.Ne5 f6
23.b4 fxe5 24.bxc5 Qg6+ 25.Kh1 exf4 26.Rxf4 Qe6 27.Qb3 Rac8 28.Qxb5 Qxh3
29.Qb3+ Qxb3 30.axb3 Rxc5 31.c4 g5 32.Rf6 Bg6 33.Ng4 Kg7 34.Ra6 Re7 35.Nf2 h5
36.Rea1 Bxe4+ 37.Nxe4 Rxe4 38.Rxa7+ Kg6 39.R1a5 Rxa5 40.Rxa5 Re1+ 41.Kg2 h4
42.c5 Rc1 43.Ra6+ Kf5 44.c6 Rc2+ 45.Kg1 Rc5 46.b4 Rc1+ 47.Kg2 Kg4 48.b5 h3+
49.Kh2 Kh4 50.Ra4+ g4 51.b6 Rc2+ 52.Kh1 Rxc6 53.Rb4 Rc1+ 54.Kh2 Rc2+ 55.Kh1 Rc1+
56.Kh2 Rc8 57.b7 Rb8 58.Rb3  1/2-1/2

[Event "10th Open"]
[Site "Jyvaskyla FIN"]
[Date "2000.07.19"]
[Round "2"]
[White "Vooremaa,A"]
[Black "Palmo,P"]
[Result "1-0"]
[WhiteElo "2304"]
[BlackElo "2093"]

1.Nf3 d5 2.g3 Nf6 3.Bg2 Bg4 4.d3 c6 5.Nbd2 Nbd7 6.O-O e6 7.c4 Be7 8.b3 O-O
9.Bb2 a5 10.a3 Bd6 11.Qc2 Qe7 12.h3 Bh5 13.e4 dxe4 14.dxe4 Bg6 15.Nh4 Nh5
16.Ndf3 Rfd8 17.Nxg6 hxg6 18.e5 Bc7 19.Rfe1 Nf8 20.Bc1 g5 21.Bxg5 f6 22.exf6 gxf6
23.Bh6 Ng7 24.c5 Rd5 25.Rac1 Rad8 26.Nh4 Rh5 27.Be3 Nf5 28.Nxf5 Rxf5 29.Be4 Rh5
30.f4 Qg7 31.Bf2 Rh7 32.Rcd1 Qf7 33.Rxd8 Bxd8 34.f5 Qd7 35.fxe6 Nxe6 36.Qc4 Re7
37.Bf3 Kf7 38.Rd1 Qc7 39.Bg4  1-0

[Event "Open"]
[Site "Bolzano ITA"]
[Date "2000.07.21"]
[Round "8"]
[White "Nikolaidis,I"]
[Black "Khenkin,I"]
[Result "1/2-1/2"]
[WhiteElo "2530"]
[BlackElo "2622"]

1.Nf3 d5 2.g3 g6 3.c4 d4 4.b4 Bg7 5.d3 e5 6.Bg2 Ne7 7.Nbd2 O-O 8.O-O a5 9.b5 c5
10.bxc6 Nexc6 11.Ba3 Nb4 12.Qb3 Qe7 13.Ne1 Bh6 14.Ndf3 Rd8 15.Nc2 Bf8 16.e3 N8c6  1/2-1/2

[Event "It"]
[Site "Bergen NOR"]
[Date "2000.07.22"]
[Round "2"]
[White "Kvamme,J"]
[Black "Lachaux,J"]
[Result "1/2-1/2"]
[WhiteElo "2207"]
[BlackElo "2035"]

1.g3 d5 2.Nf3 Bg4 3.Ne5 Bf5 4.Bg2 e6 5.O-O Nf6 6.c4 c6 7.b3 Be7 8.Bb2 O-O
9.d4 Nbd7 10.Nc3 h6 11.e3 Qc7 12.f4 Rad8 13.Rc1 Qb8 14.Qe2 Bb4 15.Nd1 Ne4
16.Nf2 Nxf2 17.Qxf2 f6 18.Nxd7 Rxd7 19.a3  1/2-1/2

[Event "10th Open"]
[Site "Jyvaskyla FIN"]
[Date "2000.07.22"]
[Round "7"]
[White "Seeman,T"]
[Black "Solozhenkin,E"]
[Result "1/2-1/2"]
[WhiteElo "2398"]
[BlackElo "2504"]

1.Nf3 d5 2.g3 c6 3.Bg2 Bg4 4.O-O e6 5.d3 Bd6 6.c4 Nf6 7.Be3 h6 8.Qb3 Qd7
9.Nc3 Na6 10.Rac1 O-O 11.Rfd1 Qe7 12.d4 Rac8 13.a3 Bf5 14.Nh4 Bh7 15.cxd5 exd5
16.Bh3 Rb8 17.Nf5 Bxf5 18.Bxf5 Nc7 19.Re1 Rfe8 20.Rcd1 Ne6 21.Bc1 Ng5 22.Qc2 g6
23.Bxg5 hxg5 24.Bh3 g4 25.Bg2 Ne4 26.Nxe4 dxe4 27.e3 Qe6 28.d5 cxd5 29.Qb3 Be5
30.Rxd5 Bxb2 31.Red1 Bg7 32.Qa4 Qc6 33.Qxc6 bxc6 34.Rd7 a5 35.Ra7 Re5 36.Bf1 Rf5
37.Be2 Bf8 38.Bxg4  1/2-1/2

[Event "MTO Open"]
[Site "Biel SUI"]
[Date "2000.07.25"]
[Round "2"]
[White "Bozinovic,Bog"]
[Black "Kaenel,H"]
[Result "0-1"]
[WhiteElo "2303"]
[BlackElo "2452"]

1.g3 d5 2.Nf3 Nf6 3.Bg2 e6 4.O-O c5 5.d4 b5 6.b3 Bb7 7.Ne5 Nbd7 8.Bb2 cxd4
9.Bxd4 Be7 10.c4 bxc4 11.bxc4 O-O 12.Nd2 Rc8 13.Rb1 Ba8 14.Qa4 Nxe5 15.Bxe5 Ng4
16.Bc3 d4 17.Bb4 Bxg2 18.Kxg2 Ne5 19.Rfd1 Re8 20.Ba5 Qd6 21.Bb4 Qc7 22.Bxe7 Qxe7
23.Qa6 Rc6 24.Qb5 Rc5 25.Qa6 Rc6 26.Qb5 f6 27.Nb3 Rb6 28.Qa4 Rd8 29.c5 Qb7+
30.f3 Rb4 31.Qa3 Qb5 32.Kf2 Nc6 33.Rbc1 a5 34.Rc2 Rd5 35.Qc1 a4 36.Nd2 d3
37.exd3 Qxd3 38.Rc3 Qb5 39.Kg2 Qe2+ 40.Kh3 h5 41.Rc2 Rh4+  0-1

[Event "KB Czech Open"]
[Site "Pardubice CZE"]
[Date "2000.07.25"]
[Round "5"]
[White "Mirumian,V"]
[Black "Kristjansson,S"]
[Result "1-0"]
[WhiteElo "2557"]
[BlackElo "2281"]

1.Nf3 d5 2.g3 c6 3.Bg2 Nf6 4.O-O Bf5 5.b3 h6 6.Bb2 e6 7.c4 Be7 8.d3 O-O 9.Nbd2 Nbd7
10.a3 Qc7 11.Rc1 Rad8 12.Re1 Bh7 13.b4 dxc4 14.Nxc4 Nd5 15.e4 N5b6 16.Na5 Nb8
17.Qb3 N6d7 18.d4 Bf6 19.d5 exd5 20.exd5 Bxb2 21.Qxb2 Rfe8 22.d6 Qb6 23.Nd2 Bd3
24.Rc3 Ba6 25.Ne4 Nf8 26.h4 Nbd7 27.a4 Ne6 28.Rd1 Ndf8 29.Nc5 Nd7 30.Naxb7 Bxb7
31.a5  1-0

[Event "KB Czech Open"]
[Site "Pardubice CZE"]
[Date "2000.07.25"]
[Round "5"]
[White "Stryjecki,M"]
[Black "Popov,Val"]
[Result "1/2-1/2"]
[WhiteElo "2405"]
[BlackElo "2557"]

1.g3 d5 2.Nf3 Bg4 3.Bg2 Nd7 4.c4 e6 5.cxd5 exd5 6.O-O c6 7.d3 Bd6 8.h3 Bh5
9.Nc3 Ne7 10.e4 O-O 11.exd5 cxd5 12.Ne2 Qb6 13.Nf4 Bg6 14.Qe2 Rfe8 15.Be3 Qc6
16.Nxg6 hxg6 17.Nd4 Bc5 18.Qd2 Qb6 19.Nc2 Rac8 20.Bxc5 Rxc5 21.Nd4 Rc7 22.Nb3 Rec8
23.Rac1 Nc5 24.Nxc5 Rxc5 25.Rxc5  1/2-1/2

[Event "Open"]
[Site "Dieren NED"]
[Date "2000.07.26"]
[Round "8"]
[White "Hartoch,R"]
[Black "Meijere,A"]
[Result "1/2-1/2"]
[WhiteElo "2332"]
[BlackElo "2205"]

1.Nf3 d5 2.g3 Nf6 3.Bg2 e6 4.O-O b6 5.b3 Bb7 6.Bb2 Be7 7.c4 O-O 8.e3 c5 9.Nc3 Nbd7
10.Qe2 Rc8 11.Rfd1 Qc7 12.Rac1 Rfd8 13.cxd5 Nxd5 14.d4 Qb8 15.Nxd5 Bxd5 16.dxc5 Nxc5
17.Ne1 Bxg2 18.Nxg2 Bd6 19.f3 a5 20.Qb5 h5 21.Kf2 e5 22.e4 Ne6 23.Kf1  1/2-1/2

[Event "KB Czech Open"]
[Site "Pardubice CZE"]
[Date "2000.07.26"]
[Round "6"]
[White "Florean,A"]
[Black "Gurevich,M"]
[Result "0-1"]
[WhiteElo "2441"]
[BlackElo "2667"]

1.Nf3 d5 2.g3 Bg4 3.Bg2 Nd7 4.d3 e6 5.Nbd2 Bd6 6.c4 c6 7.Qc2 h6 8.b3 Ngf6
9.Bb2 O-O 10.O-O Re8 11.h3 Bxf3 12.Bxf3 a5 13.d4 e5 14.dxe5 Bxe5 15.cxd5 cxd5
16.Rac1 Qb6 17.Bxe5 Nxe5 18.Bg2 a4 19.bxa4 Qa6 20.Nb3 Qxa4 21.Rfd1 Nc6 22.Nc5 Qxc2
23.Rxc2 Nb4 24.Rb2 Nxa2 25.Nxb7 Nc3 26.Rdd2 Ra1+ 27.Kh2 Nd1 28.Rb5 Nxf2 29.Bxd5 N6e4
30.Bxe4 Nxe4 31.Rc2 Ra3 32.Ra5 Re3 33.Raa2 g6 34.g4 Ng3 35.Nd6 R8e6 36.Nc4 Rb3
37.Na5 Nf1+ 38.Kg1 Rb1 39.Kf2 Rf6+  0-1

[Event "KB Czech Open"]
[Site "Pardubice CZE"]
[Date "2000.07.27"]
[Round "7"]
[White "Espig,L"]
[Black "Jirovsky,M"]
[Result "1/2-1/2"]
[WhiteElo "2401"]
[BlackElo "2472"]

1.Nf3 d5 2.g3 c6 3.Bg2 Bg4 4.b3 Nf6 5.Bb2 e6 6.d3 a5 7.a3 Nbd7 8.Nbd2 Bc5
9.O-O O-O 10.Qe1 Qc7 11.e4 dxe4 12.dxe4 e5 13.h3 Bh5 14.Nc4 Bxf3 15.Bxf3  1/2-1/2

[Event "Open"]
[Site "Bergen NOR"]
[Date "2000.07.28"]
[Round "8"]
[White "Kvamme,J"]
[Black "Spanton,T"]
[Result "0-1"]
[WhiteElo "2207"]
[BlackElo "2081"]

1.Nf3 d5 2.g3 Bg4 3.Bg2 Nf6 4.c4 c6 5.Ne5 Bf5 6.cxd5 cxd5 7.Nc3 e6 8.g4 Bg6
9.h4 Bd6 10.d4 h5 11.Nxg6 fxg6 12.g5 Ng4 13.Qd3 O-O 14.Qxg6 Nxf2 15.Nxd5 Nxh1
16.Be4 Bg3+ 17.Kd2 exd5 18.Qh7+ Kf7 19.Bxh1 Nc6 20.Qxh5+ Ke7 21.Qg4 Bf4+
22.e3 Qa5+ 23.Kd1 Bxe3 24.Qe2 Qa4+ 25.Ke1 Qb4+  0-1

[Event "GM"]
[Site "Montecatini Terme ITA"]
[Date "2000.07.29"]
[Round "2"]
[White "Lputian,S"]
[Black "Ivanchuk,V"]
[Result "0-1"]
[WhiteElo "2598"]
[BlackElo "2719"]

1.Nf3 d5 2.g3 g6 3.c4 c6 4.Qa4 d4 5.b4 Nd7 6.Bb2 e5 7.e3 Bg7 8.Bg2 Nh6 9.O-O O-O
10.Na3 a5 11.exd4 e4 12.Ne1 Nb6 13.Qb3 axb4 14.Qxb4 Na4 15.Bc3 e3 16.fxe3 c5
17.dxc5 Nxc3 18.dxc3 Qd2 19.Nb5 Ng4 20.Nf3 Qxe3+ 21.Kh1 Nf2+ 22.Rxf2 Qxf2
23.a4 Bd7 24.Nc7 Rxa4  0-1

[Event "MTO Open"]
[Site "Biel SUI"]
[Date "2000.07.30"]
[Round "6"]
[White "Terreaux,G"]
[Black "Elfert,A"]
[Result "1-0"]
[WhiteElo "2214"]
[BlackElo "2412"]

1.Nf3 d5 2.g3 Bf5 3.Bg2 c6 4.O-O Nf6 5.d3 e6 6.c4 Be7 7.Be3 Nbd7 8.Qb3 Qc8
9.cxd5 exd5 10.Rc1 O-O 11.Nc3 Re8 12.Nb5 Bf8 13.Nbd4 Bg4 14.Bf4 a6 15.Qc2 c5
16.h3 Bxf3 17.Nxf3 h6 18.Re1 d4 19.Rac1 Nd5 20.Bd2 N7f6 21.a3 Qd7 22.Kh2 Rac8
23.e4 dxe3 24.fxe3 b5 25.e4 Nc7 26.Bc3 Qe6 27.Qf2 Red8 28.Rcd1 c4 29.Nd4 Bc5
30.Nxe6 Bxf2 31.Nxd8 Bxe1 32.Bxf6 gxf6 33.Nc6 Re8 34.Rxe1 cxd3 35.Rd1 Re6
36.Nb4 Ne8 37.Rxd3 a5 38.Nd5 Kg7 39.Ne3 Rb6 40.h4 b4 41.Nd5 Rb5 42.axb4 axb4
43.Rb3 Rc5 44.Rxb4 Rc2 45.Rb6 h5 46.b4 Rf2 47.Kg1 Rd2 48.b5 Rd3 49.Kh2 Rb3
50.Bf1 Rb1 51.Kg1 Re1 52.Nf4 Kh6 53.Ne2 Nc7 54.Rb7 Ne6 55.Rxf7 Kg6 56.Re7 Nc5
57.Nf4+ Kh6 58.Kf2 Rb1 59.Be2 Rb2 60.Ke3 Rb3+ 61.Kd4 Na4 62.Bd3 Rb4+ 63.Kd5 Rb3
64.Rf7 Nb2 65.Kd4 Nxd3 66.Nxd3 Rxb5 67.Rxf6+  1-0

[Event "Eikrem mem"]
[Site "Gausdal NOR"]
[Date "2000.07.30"]
[Round "1"]
[White "Holmsten,A"]
[Black "Volzhin,A"]
[Result "1/2-1/2"]
[WhiteElo "2383"]
[BlackElo "2556"]

1.Nf3 d5 2.g3 c6 3.Bg2 Bg4 4.d4 Nd7 5.O-O e6 6.Nbd2 Ngf6 7.c4 Bd6 8.Re1 O-O
9.e4 dxe4 10.Nxe4 Nxe4 11.Rxe4 Nf6 12.Bg5 Bf5 13.Re3 h6 14.Bxf6 Qxf6 15.c5 Bc7  1/2-1/2

[Event "Open"]
[Site "Kavala GRE"]
[Date "2000.07.30"]
[Round "7"]
[White "Aftsoglou,I"]
[Black "Botsari,A"]
[Result "1-0"]
[WhiteElo "2203"]
[BlackElo "2325"]

1.Nf3 d5 2.g3 Nc6 3.Bg2 e5 4.d3 Nf6 5.O-O Be7 6.c3 O-O 7.Qc2 Re8 8.Nbd2 Bf8
9.e4 h6 10.Re1 g6 11.b4 a6 12.a3 dxe4 13.dxe4 Be6 14.Bf1 Nh7 15.h4 Qf6 16.Kg2 g5
17.hxg5 hxg5 18.Nc4 g4 19.Nh4 Ng5 20.Bxg5 Qxg5 21.Ne3 Ne7 22.Bc4 Ng6 23.Nxg6 Qxg6
24.Bxe6 fxe6 25.Qe2 Qxe4+ 26.Kg1 Red8 27.Nxg4 Qxe2 28.Rxe2 a5 29.Rc1 axb4
30.axb4 Bg7 31.Nxe5 Ra3 32.Re3 Ra2 33.Rce1 Rc2 34.b5 Rd5 35.c4 Rdd2 36.Rf3 Re2
37.Rxe2 Rxe2 38.Nd3 Rc2 39.Rf4 b6  1-0

[Event "World Open"]
[Site "Philadelphia USA"]
[Date "2000.07.30"]
[Round "3"]
[White "Zaichik,G"]
[Black "Formanek,E"]
[Result "1-0"]
[WhiteElo "2489"]
[BlackElo "2305"]

1.Nf3 d5 2.g3 c6 3.Bg2 Bf5 4.c4 e6 5.cxd5 exd5 6.O-O Nf6 7.d3 Be7 8.Be3 O-O
9.Qb3 Qc7 10.Nc3 Nbd7 11.Rac1 Nc5 12.Bxc5 Bxc5 13.Nxd5 cxd5 14.d4 b6 15.dxc5 bxc5
16.Nd4 Bd7 17.Qc3 Rfc8 18.b4 c4 19.Nb3 Bg4 20.Nd4 Bd7 21.Rb1 a6 22.Rfc1 Re8
23.Qd2 h6 24.Qd1 Qc8 25.a4 Bh3 26.Bh1 Qc7 27.Bf3 Bg4 28.e3 Bxf3 29.Qxf3 Ne4
30.Rc2 Reb8 31.b5 axb5 32.axb5 Rb6 33.Qf5 Qc5 34.Kg2 Qd6 35.Rd1 Qf6 36.Qxd5 Re8
37.Qxc4 Nd6 38.Qd5 Re5 39.Qa8+ Kh7 40.Rc6 Rxc6 41.Qxc6 Nxb5 42.Qxf6 gxf6
43.Nf3 Rc5 44.Rd7 Rc7 45.Rd5 Nc3 46.Rf5 Kg7 47.Nd4 Ne4 48.h4 Rc5 49.f3  1-0

[Event "Open"]
[Site "Kavala GRE"]
[Date "2000.08.01"]
[Round "9"]
[White "Aftsoglou,I"]
[Black "Raptis,G"]
[Result "1-0"]
[WhiteElo "2203"]
[BlackElo "2143"]

1.Nf3 d5 2.g3 c6 3.Bg2 Bg4 4.b3 a5 5.a4 e6 6.Bb2 Nd7 7.d3 Bxf3 8.Bxf3 h5
9.Nd2 h4 10.e4 Ngf6 11.Qe2 Be7 12.Rg1 hxg3 13.hxg3 Qb6 14.Kf1 Rh2 15.Rg2 Rh1+
16.Rg1 Rh2 17.Rg2 Rh7 18.Kg1 O-O-O 19.Rh2 Rxh2 20.Kxh2 Rh8+ 21.Kg2 Bc5 22.c3 dxe4
23.Bxe4 Bxf2 24.Nc4 Qc5 25.b4 Qg5 26.Qxf2 Rh2+ 27.Kxh2 Ng4+ 28.Kg2 Nxf2 29.Kxf2 b5
30.Ne3 Qf6+ 31.Ke2 axb4 32.cxb4 Kb7 33.Rf1 Qe7 34.g4 g6 35.g5 Nf8 36.Nc4  1-0

[Event "Scandic Hotels GM"]
[Site "Stockholm SWE"]
[Date "2000.08.01"]
[Round "4"]
[White "Karlsson,L"]
[Black "Ivanov,Se"]
[Result "1/2-1/2"]
[WhiteElo "2476"]
[BlackElo "2574"]

1.Nf3 d5 2.g3 g6 3.Bg2 Bg7 4.O-O e5 5.d3 Ne7 6.e4 O-O 7.Nc3 d4 8.Ne2 c5 9.c3 Nbc6
10.cxd4 cxd4 11.Bd2 Be6 12.b4 b5 13.Qb1 Qd6 14.Ng5 Bg4 15.f3 Bd7 16.f4 f6
17.Nf3 h6 18.Nc1 a5 19.bxa5 b4 20.Nb3 Rfb8 21.Qc1 Kh7 22.f5 g5 23.a3 bxa3
24.Qc5 Nc8 25.Qxd6 Nxd6 26.Nc5 Be8 27.Rxa3 Nb5 28.Rb3 Nxa5 29.Bxa5 Rxa5 30.Ne6 Rba8
31.Nd2 Ra3 32.Rfb1 Rxb3 33.Rxb3 Ra2 34.Nc4 g4 35.Nb6 h5 36.Nd5 Kg8 37.h3 Ra1+
38.Kh2 Rd1 39.hxg4 hxg4 40.Ne7+ Kf7 41.Nd5 Bh6 42.Nd8+ Kg7 43.Ne6+ Kf7 44.Nd8+ Kg7  1/2-1/2

[Event "Eikrem mem"]
[Site "Gausdal NOR"]
[Date "2000.08.03"]
[Round "6"]
[White "Skaaning,K"]
[Black "Lomo,M"]
[Result "1-0"]
[WhiteElo "2082"]
[BlackElo "2043"]

1.Nf3 d5 2.g3 Nf6 3.Bg2 e6 4.O-O Bd6 5.d3 O-O 6.Nbd2 Nbd7 7.e4 c6 8.Re1 Qc7
9.Qe2 e5 10.Nh4 Re8 11.Nf5 Bf8 12.Nf1 Nc5 13.Bg5 Bxf5 14.exf5 Qd6 15.Bh4 e4
16.d4 Na4 17.c3 Nd7 18.Qc2 b5 19.g4 c5 20.Ne3 cxd4 21.cxd4 Rec8 22.Qb3 Ndb6
23.Qxb5 a6 24.Qb3 Qb4 25.Re2 Qxd4 26.Rd1 Qb4 27.Qxb4 Bxb4 28.Nxd5 Nxd5 29.Rxd5 Rc1+
30.Bf1 a5 31.Rd4 Nxb2 32.Rdxe4 g5 33.Bxg5 Rb8 34.Bf6  1-0

[Event "ch-GBR"]
[Site "Millfield ENG"]
[Date "2000.08.03"]
[Round "4"]
[White "Greet,A"]
[Black "Barton,A"]
[Result "1/2-1/2"]
[WhiteElo "2266"]
[BlackElo "2145"]

1.Nf3 d5 2.g3 c6 3.d3 Bg4 4.Nbd2 Nd7 5.Bg2 Ngf6 6.O-O e6 7.e4 dxe4 8.dxe4 Ne5
9.Qe1 Qc7 10.Nxe5 Qxe5 11.h3 Bh5 12.Nb3 Qc7 13.f4 h6 14.g4 Bg6 15.f5 Bh7
16.a4 a5 17.Be3 Bd6 18.Bd4 Be5 19.Qc3 Bxd4+ 20.Qxd4 e5 21.Qc3 Nd7 22.Rfd1 f6
23.Rd2 O-O 24.Rad1 Rfd8 25.Bf1 Kh8 26.Bc4 Nb6 27.Nc5 Rxd2 28.Rxd2 Qe7 29.Bb3 Bg8
30.Bxg8 Rxg8 31.b3 Ra8 32.Kg2 Kh7 33.Qe3 Re8 34.Rd3 Kg8 35.h4 Kh8 36.Kh2 Kg8
37.Ne6 Nd7 38.Qd2 Nc5 39.Nxc5 Qxc5 40.Kg2 b5 41.axb5 cxb5 42.Rd5 Qc6 43.Kf3 a4
44.Rd6 Qc5 45.bxa4  1/2-1/2